[Event "LSS BI-2008-P-00007"]
[Site "LSS email"]
[Date "2008.04.27"]
[Round "?"]
[White "Broniek, Mariusz Maciej"]
[Black "Jin, Kevin"]
[Result "1-0"]
[WhiteElo "2230"]
[BlackElo "1572"]
[PlyCount "31"]
[EventDate "2008.04.27"]
[EventType "tourn (corr)"]
[EventRounds "10"]
[EventCountry "GER"]
[SourceTitle "Corr 2011"]
[Source "ChessBase"]
[SourceDate "2010.08.31"]
[SourceVersion "1"]
[SourceVersionDate "2010.08.31"]
[SourceQuality "1"]

1. e4 c5 2. Nf3 Nc6 3. d4 cxd4 4. Nxd4 Qb6 5. Be3 Qxb2 6. Nb3 Nf6 7. Bd3 d5 8. N1d2 e5 9. exd5 Nxd5 10. 0-0 Nxe3 11. fxe3 Qa3 12. Bb5 Bd7 13. Nc4 Qe7 14. Qf3 0-0-0 15. Rad1 e4 16. Qf4 1-0

[Event "LSS BI-2008-P-00007"]
[Site "LSS email"]
[Date "2008.04.27"]
[Round "?"]
[White "Jin, Kevin"]
[Black "Lanin, Boris Aleksandrovic"]
[Result "0-1"]
[WhiteElo "1581"]
[BlackElo "1891"]
[PlyCount "24"]
[EventDate "2008.04.27"]
[EventType "tourn (corr)"]
[EventRounds "10"]
[EventCountry "GER"]
[SourceTitle "Corr 2013"]
[Source "ChessBase"]
[SourceDate "2012.11.12"]
[SourceVersion "1"]
[SourceVersionDate "2012.11.12"]
[SourceQuality "1"]
[WhiteTeam "US of America"]
[BlackTeam "US of America"]
[WhiteTeamCountry "USA"]
[BlackTeamCountry "USA"]

1. Nf3 d5 2. e3 Bg4 3. c4 c6 4. cxd5 cxd5 5. Qb3 Qc7 6. Bb5+ Nd7 7. Nc3 Bxf3 8. gxf3 e6 9. d4 Ngf6 10. e4 a6 11. Be2 Nb6 12. Bg5 h6 0-1

[Event "LSS BI-2008-P-00007"]
[Site "LSS email"]
[Date "2008.04.27"]
[Round "?"]
[White "Jin, Kevin"]
[Black "Stolz, Stephan"]
[Result "0-1"]
[WhiteElo "1572"]
[BlackElo "2153"]
[PlyCount "32"]
[EventDate "2008.04.27"]
[EventType "tourn (corr)"]
[EventRounds "10"]
[EventCountry "GER"]
[SourceTitle "Corr 2011"]
[Source "ChessBase"]
[SourceDate "2010.08.31"]
[SourceVersion "1"]
[SourceVersionDate "2010.08.31"]
[SourceQuality "1"]

1. Nf3 Nf6 2. d4 d5 3. e3 e6 4. Bd3 c5 5. 0-0 Nc6 6. Nc3 a6 7. dxc5 Bxc5 8. e4 d4 9. Ne2 e5 10. Ng3 0-0 11. a3 a5 12. Bc4 h6 13. Qd3 a4 14. Bd2 Qb6 15. Rab1 Re8 16. Nh4 Bf8 0-1

[Event "LSS BI-2008-P-00007"]
[Site "LSS email"]
[Date "2008.04.27"]
[Round "?"]
[White "Yangibayev, N."]
[Black "Jin, Kevin"]
[Result "0-1"]
[WhiteElo "463"]
[BlackElo "1572"]
[PlyCount "20"]
[EventDate "2008.04.27"]
[EventType "tourn (corr)"]
[EventRounds "10"]
[EventCountry "GER"]
[SourceTitle "Corr 2022"]
[Source "ChessBase"]
[SourceDate "2021.10.24"]
[SourceVersion "1"]
[SourceVersionDate "2021.10.24"]
[SourceQuality "1"]

1. d4 Nf6 2. c4 e6 3. Nc3 d5 4. e3 Bd6 5. Qf3 c6 6. c5 Bc7 7. Bd3 0-0 8. Nge2 e5 9. Bxh7+ Kxh7 10. Ng3 Bg4 0-1

[Event "LSS ZL-2008-0-00312"]
[Site "LSS email"]
[Date "2008.01.21"]
[Round "?"]
[White "Jin, Kevin"]
[Black "Markova, Stanislava"]
[Result "1-0"]
[WhiteElo "1581"]
[BlackElo "1104"]
[PlyCount "23"]
[EventDate "2008.01.20"]
[EventType "match (corr)"]
[EventRounds "2"]
[EventCountry "GER"]
[SourceTitle "Corr 2013"]
[Source "ChessBase"]
[SourceDate "2012.11.12"]
[SourceVersion "1"]
[SourceVersionDate "2012.11.12"]
[SourceQuality "1"]

1. e4 c6 2. d4 d5 3. exd5 cxd5 4. Nf3 Nc6 5. Bd3 Bg4 6. 0-0 Nxd4 7. Nxd4 Bd7 8. Qe2 a6 9. Bf4 e6 10. Nf5 g6 11. Nd6+ Bxd6 12. Bxd6 1-0

[Event "LSS SL-2007-0-00118"]
[Site "LSS email"]
[Date "2007.11.28"]
[Round "?"]
[White "Jin, Kevin"]
[Black "Rhoney, Shawn M"]
[Result "1-0"]
[WhiteElo "1581"]
[BlackElo "1201"]
[PlyCount "27"]
[EventDate "2007.11.26"]
[EventType "tourn (corr)"]
[EventRounds "6"]
[EventCountry "GER"]
[SourceTitle "Corr 2015"]
[Source "ChessBase"]
[SourceDate "2015.07.17"]
[SourceVersion "1"]
[SourceVersionDate "2015.07.17"]
[SourceQuality "1"]

1. e4 e5 2. Nf3 Nf6 3. Nxe5 d6 4. Nf3 Nxe4 5. Qe2 Qe7 6. d3 Nf6 7. Nc3 Qxe2+ 8. Bxe2 g6 9. Bg5 Bg7 10. 0-0-0 c6 11. Ne4 Nxe4 12. dxe4 0-0 13. Rxd6 a5 14. Rhd1 1-0

[Event "LSS SL-2007-0-00118"]
[Site "LSS email"]
[Date "2007.11.27"]
[Round "?"]
[White "Csoma, Robert"]
[Black "Jin, Kevin"]
[Result "1/2-1/2"]
[WhiteElo "1183"]
[BlackElo "1581"]
[PlyCount "20"]
[EventDate "2007.11.26"]
[EventType "tourn (corr)"]
[EventRounds "6"]
[EventCountry "GER"]
[SourceTitle "Corr 2015"]
[Source "ChessBase"]
[SourceDate "2015.07.17"]
[SourceVersion "1"]
[SourceVersionDate "2015.07.17"]
[SourceQuality "1"]

1. Nf3 Nf6 2. d4 d5 3. c4 e6 4. Nc3 Be7 5. Bf4 Nh5 6. Be3 0-0 7. g3 Nc6 8. Bg2 Nf6 9. 0-0 dxc4 10. Qa4 Nb4 1/2-1/2